[Event "BCF-chT3S 1415 (4NCL)"]
[Site "England"]
[Date "2014.11.15"]
[Round "1.255"]
[White "Bucknell, Malcolm Gordon"]
[Black "Towers, Nigel S"]
[Result "1-0"]
[WhiteElo "1935"]
[BlackElo "1849"]
[PlyCount "153"]
[EventDate "2014.11.15"]
[EventType "team-swiss"]
[EventRounds "6"]
[EventCountry "ENG"]
[SourceTitle "CBM 163 Extra"]
[Source "ChessBase"]
[SourceDate "2014.12.23"]
[SourceVersion "1"]
[SourceVersionDate "2014.12.23"]
[SourceQuality "1"]
[WhiteTeam "Anglian Avengers III"]
[BlackTeam "e2e4.org.uk IV"]
[WhiteTeamCountry "ENG"]
[BlackTeamCountry "ENG"]

1. d4 Nf6 2. Nf3 e6 3. g3 c5 4. Bg2 Nc6 5. 0-0 Be7 6. c4 cxd4 7. Nxd4 0-0 8. Nc3 d5 9. cxd5 exd5 10. Bf4 Nxd4 11. Qxd4 Be6 12. Rfd1 Qa5 13. Nxd5 Nxd5 14. Bxd5 Rad8 15. e4 Rd7 16. Qc3 Qd8 17. Qb3 Bxd5 18. Rxd5 Rxd5 19. exd5 Qd7 20. d6 Bf6 21. Rc1 g5 22. Be3 Qxd6 23. Qxb7 Rb8 24. Rc8+ Rxc8 25. Qxc8+ Kg7 26. Qf5 h6 27. b3 a6 28. Qc2 Qe5 29. Qe2 Qe6 30. Qd3 Qc6 31. a4 Kg8 32. h3 Kg7 33. Kh2 Kg8 34. Qc4 Qxc4 35. bxc4 Kf8 36. Kg2 Ke7 37. Kf3 h5 38. g4 h4 39. Ke4 Ke6 40. f4 gxf4 41. Kxf4 Bd8 42. Bf2 Bc7+ 43. Kg5 Bg3 44. Bd4 Be1 45. Kf4 Bg3+ 46. Kf3 Kd6 47. Ke4 Ke6 48. Be3 Be1 49. Bf4 Bf2 50. Kf3 Be1 51. Ke2 Bb4 52. Kd3 Bc5 53. Be3 Bd6 54. c5 Bg3 55. Ke4 Be1 56. Bf4 f6 57. c6 Bc3 58. c7 Kd7 59. Kf5 Bd4 60. Ke4 Bc3 61. Kd3 Be1 62. Kd4 Bf2+ 63. Ke4 Be1 64. Bh2 Bc3 65. Kf5 Bd4 66. Ke4 Bc3 67. Kd5 Be1 68. Bg1 Kxc7 69. Bd4 Kd7 70. Bxf6 Ke8 71. Ke6 Kf8 72. Kd7 Kf7 73. Bd8 Bf2 74. Kc6 Ke8 75. Bb6 Be1 76. a5 Bd2 77. Kb7 1-0

[Event "Gibraltar Challengers-B 12th"]
[Site "Caleta"]
[Date "2014.02.03"]
[Round "3"]
[White "Bucknell, Malcolm Gordon"]
[Black "Oliveira, Maria Alice Ramos"]
[Result "1-0"]
[WhiteElo "1947"]
[BlackElo "1487"]
[PlyCount "113"]
[EventDate "2014.02.01"]
[EventType "swiss"]
[EventRounds "5"]
[EventCountry "GGB"]
[SourceTitle "CBM 158 Extra"]
[Source "ChessBase"]
[SourceDate "2014.02.28"]
[SourceVersion "1"]
[SourceVersionDate "2014.02.28"]
[SourceQuality "1"]

1. b3 e5 2. Bb2 d6 3. e3 Nf6 4. Ne2 g6 5. d4 Nbd7 6. g3 Bg7 7. Bg2 0-0 8. 0-0 c6 9. Nd2 Nh5 10. dxe5 Nxe5 11. Qc1 Be6 12. Nd4 Qe7 13. Nxe6 fxe6 14. f4 Ng4 15. Re1 Nhf6 16. a4 Rae8 17. a5 Qc7 18. Nc4 Nh6 19. e4 e5 20. fxe5 dxe5 21. Ba3 c5 22. h3 Rd8 23. Qe3 b6 24. Bb2 Nf7 25. Na3 Bh6 26. Qe2 Rd2 27. Qc4 Kg7 28. Nb5 Qb7 29. a6 Qe7 30. Bc1 Rdd8 31. Bxh6+ Kxh6 32. Qe2 Kg7 33. Rf1 Nd6 34. Nc3 Nd7 35. Kh2 Rxf1 36. Rxf1 Rf8 37. Nd5 Qe6 38. Rd1 Nf6 39. Nxf6 Rxf6 40. h4 Qe7 41. Rd5 Nf7 42. Qg4 Rd6 43. Qd1 Qd7 44. Bh3 Qd8 45. Be6 Rxd5 46. Bxd5 Qd7 47. Qf3 Nd6 48. Kg2 Qe7 49. Qc3 Nb5 50. Qd3 Nd6 51. c3 Qf6 52. b4 cxb4 53. cxb4 Qd8 54. Qc3 Kf6 55. Qc6 Ke7 56. Bb3 Qc8 57. Qd5 1-0

[Event "Gibraltar Masters 12th"]
[Site "Caleta"]
[Date "2014.02.03"]
[Round "7"]
[White "Iagar, Razvan Gabriel"]
[Black "Bucknell, Malcolm Gordon"]
[Result "1-0"]
[WhiteElo "2171"]
[BlackElo "1944"]
[PlyCount "79"]
[EventDate "2014.01.28"]
[EventType "swiss"]
[EventRounds "10"]
[EventCountry "GGB"]
[SourceTitle "CBM 159"]
[Source "ChessBase"]
[SourceDate "2014.03.17"]
[SourceVersion "1"]
[SourceVersionDate "2014.03.17"]
[SourceQuality "1"]

1. d4 e6 2. c4 b6 3. Nf3 Bb7 4. g3 Bxf3 5. exf3 Nf6 6. Bd3 Bb4+ 7. Bd2 Bxd2+ 8. Qxd2 Nc6 9. Be4 Nxe4 10. fxe4 0-0 11. Nc3 e5 12. d5 Nd4 13. 0-0-0 a6 14. Ne2 Nxe2+ 15. Qxe2 Qe7 16. Kb1 d6 17. Rd3 Rae8 18. g4 b5 19. cxb5 axb5 20. Rb3 Qd7 21. Rxb5 Rb8 22. Rxb8 Rxb8 23. Rc1 h5 24. h3 Kf8 25. Rc3 hxg4 26. hxg4 Ke7 27. f3 Rh8 28. a3 g6 29. Qc4 Rc8 30. Ka2 f5 31. gxf5 gxf5 32. Qc6 fxe4 33. Qxd7+ Kxd7 34. fxe4 c5 35. dxc6+ Rxc6 36. Rxc6 Kxc6 37. Kb3 d5 38. exd5+ Kxd5 39. Kc3 Ke4 40. Kd2 1-0

[Event "Gibraltar Challengers-A 12th"]
[Site "Caleta"]
[Date "2014.01.28"]
[Round "2"]
[White "Bucknell, Malcolm Gordon"]
[Black "Rowe, Duane"]
[Result "0-1"]
[WhiteElo "1947"]
[BlackElo "2218"]
[PlyCount "68"]
[EventDate "2014.01.27"]
[EventType "swiss"]
[EventRounds "5"]
[EventCountry "GGB"]
[SourceTitle "CBM 158 Extra"]
[Source "ChessBase"]
[SourceDate "2014.02.28"]
[SourceVersion "1"]
[SourceVersionDate "2014.02.28"]
[SourceQuality "1"]

1. d4 Nf6 2. Nf3 e6 3. g3 b6 4. Bg2 Bb7 5. 0-0 c5 6. c4 cxd4 7. Qxd4 d6 8. Nc3 a6 9. Re1 Qc7 10. Bg5 Nbd7 11. Rac1 Be7 12. h3 Rc8 13. b3 h6 14. Be3 0-0 15. Qd2 Rfd8 16. Nh4 Bf8 17. Kh2 Qb8 18. a4 Nc5 19. b4 Nb3 20. Qd3 Nxc1 21. Rxc1 Bxg2 22. Nxg2 d5 23. cxd5 Bxb4 24. Bf4 e5 25. Bd2 Bxc3 26. Rxc3 Rxc3 27. Bxc3 Nxd5 28. Bb2 b5 29. Qf5 Ne7 30. Qe4 Ng6 31. a5 Qa8 32. Qg4 Qc8 33. Qh5 Qc5 34. Ne3 Rd2 0-1

[Event "Gibraltar Masters 12th"]
[Site "Caleta"]
[Date "2014.01.28"]
[Round "1"]
[White "Mikkelsen, Nikolaj"]
[Black "Bucknell, Malcolm Gordon"]
[Result "1-0"]
[WhiteElo "2423"]
[BlackElo "1944"]
[PlyCount "79"]
[EventDate "2014.01.28"]
[EventType "swiss"]
[EventRounds "10"]
[EventCountry "GGB"]
[SourceTitle "CBM 159"]
[Source "ChessBase"]
[SourceDate "2014.03.17"]
[SourceVersion "1"]
[SourceVersionDate "2014.03.17"]
[SourceQuality "1"]

1. e4 c6 2. Nc3 d5 3. Nf3 Bg4 4. h3 Bxf3 5. Qxf3 e6 6. Be2 Nd7 7. 0-0 Ngf6 8. d4 dxe4 9. Nxe4 Nxe4 10. Qxe4 Nf6 11. Qe3 Qc7 12. c4 Be7 13. b3 a6 14. Bb2 0-0 15. Rfd1 Rfe8 16. Rac1 Rad8 17. Bf3 Bd6 18. Rc2 Bf4 19. Qe1 Nd7 20. Re2 Bh6 21. Qc3 f6 22. Rde1 Kf7 23. b4 a5 24. a3 axb4 25. axb4 Rc8 26. Qb3 e5 27. c5+ Kf8 28. d5 cxd5 29. Bxd5 g6 30. Qf3 Kg7 31. Bxb7 Rb8 32. c6 Nf8 33. b5 Qb6 34. Rxe5 Rxe5 35. Rxe5 Kh8 36. Qxf6+ Bg7 37. Re7 Bxf6 38. Bxf6+ Kg8 39. Rg7+ Kh8 40. Rxg6# 1-0

[Event "BCF-chT3S 1213 (4NCL)"]
[Site "England"]
[Date "2013.01.12"]
[Round "3.186"]
[White "Bucknell, Malcolm Gordon"]
[Black "Haridas, Girinath"]
[Result "1-0"]
[WhiteElo "1939"]
[BlackElo "1773"]
[PlyCount "117"]
[EventDate "2012.11.03"]
[EventType "team-swiss"]
[EventRounds "6"]
[EventCountry "ENG"]
[SourceTitle "EXT 2014"]
[Source "ChessBase"]
[SourceDate "2013.11.20"]
[SourceVersion "1"]
[SourceVersionDate "2013.11.20"]
[SourceQuality "1"]
[WhiteTeam "Anglian Avengers III"]
[BlackTeam "KJCA Knights"]
[WhiteTeamCountry "ENG"]
[BlackTeamCountry "ENG"]

1. d4 Nf6 2. g3 g6 3. Bg2 Bg7 4. Nf3 0-0 5. 0-0 d6 6. a4 Nc6 7. Na3 Re8 8. Bg5 h6 9. Bxf6 Bxf6 10. d5 Nb8 11. Rb1 e6 12. dxe6 Bxe6 13. Nd4 Bc8 14. e3 c6 15. b4 d5 16. c4 a5 17. cxd5 axb4 18. dxc6 Bxd4 19. cxb7 Bxb7 20. Bxb7 Ra7 21. Nb5 Rxb7 22. Qxd4 Qxd4 23. exd4 Rd8 24. Rxb4 Nc6 25. Rc4 Na5 26. Rc3 Rb6 27. Re1 Nc6 28. Rc4 Na5 29. Rc7 Nb3 30. Ree7 Nxd4 31. Rxf7 Nxb5 32. Rg7+ Kf8 33. axb5 g5 34. Rgf7+ Kg8 35. Rb7 Rxb5 36. Rbd7 Rxd7 37. Rxd7 g4 38. Kf1 Re5 39. Kg2 Rf5 40. Re7 Kf8 41. Re4 h5 42. Rf4 Rf7 43. Rxf7+ Kxf7 44. f4 gxf3+ 45. Kxf3 Kg6 46. Kf4 Kf6 47. h4 Kg6 48. Ke5 Kg7 49. Kf5 Kh6 50. Kf6 Kh7 51. Kg5 Kg7 52. Kxh5 Kh7 53. Kg5 Kg7 54. g4 Kh7 55. Kf6 Kh8 56. Kf7 Kh7 57. g5 Kh8 58. h5 Kh7 59. g6+ 1-0

[Event "BCF-chT3S 1213 (4NCL)"]
[Site "England"]
[Date "2012.11.04"]
[Round "2.196"]
[White "Burke, Mitchell R"]
[Black "Bucknell, Malcolm Gordon"]
[Result "1/2-1/2"]
[WhiteElo "1952"]
[BlackElo "1939"]
[PlyCount "37"]
[EventDate "2012.11.03"]
[EventType "team-swiss"]
[EventRounds "6"]
[EventCountry "ENG"]
[SourceTitle "EXT 2014"]
[Source "ChessBase"]
[SourceDate "2013.11.20"]
[SourceVersion "1"]
[SourceVersionDate "2013.11.20"]
[SourceQuality "1"]
[WhiteTeam "3CS Oldham II"]
[BlackTeam "Anglian Avengers III"]
[WhiteTeamCountry "ENG"]
[BlackTeamCountry "ENG"]

1. e4 c5 2. Nc3 e6 3. f4 Nc6 4. Nf3 g6 5. e5 d5 6. exd6 Qxd6 7. d3 Bg7 8. g3 Nf6 9. Bg2 0-0 10. 0-0 c4 11. d4 Rd8 12. Ne2 Nd5 13. c3 b5 14. a4 b4 15. Ne5 bxc3 16. bxc3 Qc7 17. Qc2 Nce7 18. g4 Rb8 19. Bd2 1/2-1/2

[Event "BCF-chT3 1112 (4NCL)"]
[Site "England"]
[Date "2012.05.07"]
[Round "9.182"]
[White "Bucknell, Malcolm Gordon"]
[Black "Calvert, David Ian"]
[Result "0-1"]
[WhiteElo "1940"]
[BlackElo "1950"]
[PlyCount "62"]
[EventDate "2011.11.12"]
[EventType "team-swiss"]
[EventRounds "11"]
[EventCountry "ENG"]
[SourceTitle "EXT 2013"]
[Source "ChessBase"]
[SourceDate "2012.11.22"]
[SourceVersion "1"]
[SourceVersionDate "2012.11.22"]
[SourceQuality "1"]
[WhiteTeam "Anglian Avengers III"]
[BlackTeam "Metropolitan"]
[WhiteTeamCountry "ENG"]
[BlackTeamCountry "ENG"]

1. Nf3 d5 2. g3 Nf6 3. Bg2 g6 4. 0-0 Bg7 5. c4 c6 6. d4 0-0 7. Nc3 dxc4 8. a4 Na6 9. Ne5 Ng4 10. Nxg4 Bxg4 11. h3 Be6 12. e3 Nb4 13. Bd2 a5 14. Ne2 f5 15. Bxb4 axb4 16. Nf4 Bf7 17. Qf3 e5 18. dxe5 Bxe5 19. Rfd1 Qc7 20. Rab1 Rxa4 21. g4 c3 22. bxc3 bxc3 23. Rbc1 Bxf4 24. exf4 Qxf4 25. Qxc3 fxg4 26. Rb1 gxh3 27. Qxh3 Bd5 28. Bxd5+ cxd5 29. Rb2 Rf5 30. f3 Qe3+ 31. Rf2 Ra2 0-1

[Event "BCF-chT3 1112 (4NCL)"]
[Site "England"]
[Date "2012.05.07"]
[Round "11.120"]
[White "Bucknell, Malcolm Gordon"]
[Black "Cresswell, Mike J"]
[Result "1-0"]
[WhiteElo "1940"]
[BlackElo "1841"]
[PlyCount "49"]
[EventDate "2011.11.12"]
[EventType "team-swiss"]
[EventRounds "11"]
[EventCountry "ENG"]
[SourceTitle "EXT 2013"]
[Source "ChessBase"]
[SourceDate "2012.11.22"]
[SourceVersion "1"]
[SourceVersionDate "2012.11.22"]
[SourceQuality "1"]
[WhiteTeam "Anglian Avengers II"]
[BlackTeam "AMCA Hippos"]
[WhiteTeamCountry "ENG"]
[BlackTeamCountry "ENG"]

1. b3 e5 2. Bb2 d6 3. e3 Nf6 4. Ne2 Be7 5. c4 0-0 6. Ng3 Nc6 7. Nc3 Re8 8. Be2 Bf8 9. 0-0 Ne7 10. Qc2 h6 11. f4 exf4 12. Rxf4 Ng6 13. Rxf6 gxf6 14. Rf1 Ne5 15. Nd5 Bg7 16. Nh5 Re6 17. Nxg7 Kxg7 18. Nf4 Qg8 19. d4 Ng6 20. Nh5+ Kf8 21. Nxf6 Rxf6 22. Rxf6 Nh4 23. Bh5 Qg5 24. Rxf7+ Ke8 25. Rf5+ 1-0

[Event "BCF-chT3 1112 (4NCL)"]
[Site "England"]
[Date "2012.05.06"]
[Round "10.216"]
[White "Flynn, David"]
[Black "Bucknell, Malcolm Gordon"]
[Result "1/2-1/2"]
[WhiteElo "1914"]
[BlackElo "1940"]
[PlyCount "22"]
[EventDate "2011.11.12"]
[EventType "team-swiss"]
[EventRounds "11"]
[EventCountry "ENG"]
[SourceTitle "EXT 2013"]
[Source "ChessBase"]
[SourceDate "2012.11.22"]
[SourceVersion "1"]
[SourceVersionDate "2012.11.22"]
[SourceQuality "1"]
[WhiteTeam "e2e4.org.uk V"]
[BlackTeam "Anglian Avengers III"]
[WhiteTeamCountry "ENG"]
[BlackTeamCountry "ENG"]

1. e4 c6 2. d4 d5 3. exd5 cxd5 4. c4 Nf6 5. Nc3 Nc6 6. cxd5 Nxd5 7. Nf3 Bg4 8. Be2 e6 9. 0-0 Be7 10. Qb3 Qb6 11. Qxb6 Nxb6 1/2-1/2

[Event "BCF-chT3S 1112 (4NCL)"]
[Site "England"]
[Date "2012.01.15"]
[Round "4.2"]
[White "Ireland, David J"]
[Black "Bucknell, Malcolm Gordon"]
[Result "1/2-1/2"]
[WhiteElo "1909"]
[BlackElo "1937"]
[PlyCount "76"]
[EventDate "2011.11.12"]
[EventType "team-swiss"]
[EventRounds "6"]
[EventCountry "ENG"]
[SourceTitle "EXT 2013"]
[Source "ChessBase"]
[SourceDate "2012.11.22"]
[SourceVersion "1"]
[SourceVersionDate "2012.11.22"]
[SourceQuality "1"]
[WhiteTeam "e2e4.org.uk IV"]
[BlackTeam "Anglian Avengers III"]
[WhiteTeamCountry "ENG"]
[BlackTeamCountry "ENG"]

1. e4 c5 2. Nc3 Nc6 3. f4 e6 4. Nf3 Nge7 5. g3 a6 6. d3 Nd4 7. Bg2 Nec6 8. 0-0 g6 9. f5 Bg7 10. fxg6 hxg6 11. Bg5 Qc7 12. Bf4 d6 13. Qd2 Nxf3+ 14. Rxf3 Bxc3 15. bxc3 e5 16. Bg5 Be6 17. h4 Rh7 18. Kh2 Qd7 19. Raf1 Ne7 20. d4 cxd4 21. cxd4 exd4 22. Qxd4 Nc6 23. Qf6 Ne5 24. Rf4 Rc8 25. Rb1 b5 26. Rb2 Kf8 27. Kh1 Rc3 28. a4 Bc4 29. axb5 axb5 30. Rf2 Rxg3 31. Rd2 Rxg2 32. Kxg2 Be6 33. Qd8+ Qxd8 34. Bxd8 Nc4 35. c3 Nxb2 36. Rxb2 Ke8 37. Bf6 Rh5 38. e5 dxe5 1/2-1/2

[Event "BCF-chT3S 1112 (4NCL)"]
[Site "England"]
[Date "2011.11.13"]
[Round "2.6"]
[White "Bucknell, Malcolm Gordon"]
[Black "Grainger, Benjamin P"]
[Result "1/2-1/2"]
[WhiteElo "1937"]
[BlackElo "1785"]
[PlyCount "73"]
[EventDate "2011.11.12"]
[EventType "team-swiss"]
[EventRounds "6"]
[EventCountry "ENG"]
[SourceTitle "EXT 2013"]
[Source "ChessBase"]
[SourceDate "2012.11.22"]
[SourceVersion "1"]
[SourceVersionDate "2012.11.22"]
[SourceQuality "1"]
[WhiteTeam "Anglian Avengers II"]
[BlackTeam "FCA Solutions II"]
[WhiteTeamCountry "ENG"]
[BlackTeamCountry "ENG"]

1. Nf3 Nf6 2. d4 d5 3. c4 c6 4. g3 Bf5 5. Bg2 e6 6. 0-0 Nbd7 7. cxd5 cxd5 8. Nc3 a6 9. h3 Bd6 10. g4 Bg6 11. Be3 Rc8 12. Rc1 Rc6 13. Na4 Qc7 14. Rxc6 Qxc6 15. Nc5 0-0 16. Nd3 Be4 17. Qd2 b5 18. Rc1 Qb7 19. Nc5 Nxc5 20. dxc5 Bb8 21. c6 Qc7 22. Bd4 Bxf3 23. exf3 e5 24. Bc5 Rc8 25. Bb4 h6 26. h4 e4 27. Kf1 Qh2 28. c7 exf3 29. Bxf3 Rxc7 30. Rxc7 Bxc7 31. Qc2 Qf4 32. Qf5 Qxb4 33. Qc8+ Kh7 34. Qf5+ Kh8 35. Qc8+ Kh7 36. Qf5+ Kg8 37. Qc8+ 1/2-1/2

[Event "Gibraltar Challengers1"]
[Site "Gibraltar"]
[Date "2009.01.28"]
[Round "2"]
[White "Lovik, Lasse Ostebo"]
[Black "Bucknell, Malcolm Gordon"]
[Result "1/2-1/2"]
[WhiteElo "2183"]
[BlackElo "2080"]
[PlyCount "159"]
[EventDate "2009.01.27"]
[EventType "tourn"]
[EventRounds "5"]
[EventCountry "ENG"]
[SourceTitle "EXT 2010"]
[Source "ChessBase"]
[SourceDate "2010.11.25"]
[SourceVersion "1"]
[SourceVersionDate "2010.11.25"]
[SourceQuality "1"]

1. e4 c6 2. d4 d5 3. Nc3 dxe4 4. Nxe4 Bf5 5. Ng3 Bg6 6. Nf3 Nd7 7. h4 h6 8. h5 Bh7 9. Bd3 Bxd3 10. Qxd3 Ngf6 11. b3 e6 12. Bb2 Bb4+ 13. c3 Bd6 14. Nd2 Qe7 15. Nc4 0-0-0 16. 0-0-0 Nb6 17. Nxd6+ Qxd6 18. c4 c5 19. Qe3 cxd4 20. Bxd4 Qc6 21. f3 Nfd5 22. Qe4 f6 23. Kb1 Nc7 24. Qxc6 bxc6 25. Bc5 Rxd1+ 26. Rxd1 Rd8 27. Rxd8+ Kxd8 28. Kc2 e5 29. Be3 Ne6 30. a4 c5 31. Nf5 Kd7 32. a5 Nc8 33. g4 Ne7 34. Nxe7 Kxe7 35. Kd3 a6 36. Ke4 Kd6 37. f4 exf4 38. Bxf4+ Nxf4 39. Kxf4 Kd7 40. Ke3 Ke6 41. Ke4 Kd6 42. Kd3 Ke6 43. Kc3 f5 44. gxf5+ Kxf5 45. b4 cxb4+ 46. Kxb4 g5 47. hxg6 Kxg6 48. Kc5 h5 49. Kb6 h4 50. c5 h3 51. c6 h2 52. c7 h1Q 53. c8Q Qg1+ 54. Kxa6 Qf1+ 55. Ka7 Qf2+ 56. Ka8 Qf3+ 57. Qb7 Qf8+ 58. Ka7 Kh5 59. Qc7 Qf2+ 60. Qb6 Qf7+ 61. Ka6 Kh4 62. Qd6 Qf1+ 63. Ka7 Qf2+ 64. Kb8 Qb2+ 65. Kc8 Qc3+ 66. Qc7 Qa3 67. Qc4+ Kh5 68. a6 Qf8+ 69. Kd7 Qf5+ 70. Qe6 Qa5 71. Ke7 Qc7+ 72. Kf6 Qd8+ 73. Kg7 Qd4+ 74. Qf6 Qg4+ 75. Kh7 Qe4+ 76. Kg7 Qg4+ 77. Kh8 Qc8+ 78. Kh7 Qd7+ 79. Kg8 Qc8+ 80. Kf7 1/2-1/2